=LDR 00000nam 2200000 4500 =001 INLIS000000000029322 =005 20130612131550 =008 ***********************************ind** =035 ##$$0010-061300000029322 =041 ##$$a ind =082 ##$$a 2x7.2 =090 ##$$a 2x7.2, HAM p =100 ##$$a Hamka =245 ##$$a Prinsip dan kebijaksanaan da'wah Islam, Hamka =260 ##$$a 1984 $b Jakarta =300 ##$$a x, 259 hlm., 21 cm =650 ##$$a Dakwah Islamiyah =850 ##$$a NBPNMAT